Harriet Tubman, Secret agent how daring slaves and free blacks spied for the union during the civil war / (Record no. 4652)

MARC details
000 -LEADER
fixed length control field 00986nam a22002657a 4500
001 - CONTROL NUMBER
control field 4652
003 - CONTROL NUMBER IDENTIFIER
control field FISKH
005 - DATE AND TIME OF LATEST TRANSACTION
control field 20240919083404.0
008 - FIXED-LENGTH DATA ELEMENTS--GENERAL INFORMATION
fixed length control field 240919b cb ||||| |||| 00| 0 eng d
020 ## - INTERNATIONAL STANDARD BOOK NUMBER
International Standard Book Number 9780545156639
040 ## - CATALOGING SOURCE
Original cataloging agency FISKH
Language of cataloging eng
Transcribing agency FISKH
Modifying agency FISKH
050 ## - LIBRARY OF CONGRESS CALL NUMBER
Classification number E444.T82
082 ## - DEWEY DECIMAL CLASSIFICATION NUMBER
Edition number 973.7
100 ## - MAIN ENTRY--PERSONAL NAME
Personal name B.Allen, Thomas
Dates associated with a name (1929–2018)
245 ## - TITLE STATEMENT
Title Harriet Tubman, Secret agent how daring slaves and free blacks spied for the union during the civil war /
Statement of responsibility, etc. Thomas B. Allen Featuring illustrations by Carla Bauer
250 ## - EDITION STATEMENT
Edition statement 2006
260 ## - PUBLICATION, DISTRIBUTION, ETC.
Place of publication, distribution, etc. New York :
Name of publisher, distributor, etc. Scholastic,
Date of publication, distribution, etc. 2006.
300 ## - PHYSICAL DESCRIPTION
Extent 191 pages :
Other physical details illustrations ;
Dimensions 20cm
520 ## - SUMMARY, ETC.
Summary, etc. Tells the story of Harriet Tubman and other slaves and free African-Americans who risked death to gather information about the Confederacy for the Union during the Civil War.
650 ## - SUBJECT ADDED ENTRY--TOPICAL TERM
Source of heading or term Non-fiction
Topical term or geographic name entry element Slavery
650 ## - SUBJECT ADDED ENTRY--TOPICAL TERM
Source of heading or term Civil War
Topical term or geographic name entry element Freedom
700 ## - ADDED ENTRY--PERSONAL NAME
Personal name Bauer, Carla
Dates associated with a name Illustrator
942 ## - ADDED ENTRY ELEMENTS (KOHA)
Source of classification or shelving scheme Dewey Decimal Classification
Koha item type Books
Suppress in OPAC No
Holdings
Withdrawn status Lost status Source of classification or shelving scheme Damaged status Not for loan Collection Home library Current library Shelving location Date acquired Total Checkouts Full call number Barcode Date last seen Copy number Price effective from Koha item type Date last checked out
    Dewey Decimal Classification     Non-Fiction Footprints International School Library Network Toul Kork Campus Footprints International School Library Network Toul Kork Campus TTP Secondary Non-Fiction Bookshelves 09/19/2024   ALL 973.7 E444.T82 2024-2023 09/19/2024 1 09/19/2024 Books  
    Dewey Decimal Classification     Non-Fiction Footprints International School Library Network Toul Kork Campus Footprints International School Library Network Toul Kork Campus TTP Secondary Non-Fiction Bookshelves 09/19/2024 1 ALL 973.7 E444.T82 2024-2032 03/05/2025 2 09/19/2024 Books 03/04/2025